Тайните общества на всички времена и народи (Запис номер 80498)
[ съкратено ]
| 000 -Лидер | |
|---|---|
| Контролно поле с фиксирана дължина | 02407nam a2200445 c 4500 |
| 003 - Код на организацията, давaща контролен номер | |
| Контролно поле | BLK |
| 005 - Дата и час на последна редакция | |
| Контролно поле | 20240808104825.0 |
| 008 - Елементи от данни с фиксирана дължина | |
| fixed length control field | 180408b bul|||||r ||||||| ||bul|| |
| 010 ## - Наследен системен номер | |
| LC control number | KNG00084984000 |
| 020 ## - Международен стандартен номер на книга ISBN | |
| Международен стандартен номер на книга ISBN | 978-954-787-017-8 |
| -- | издат.: Мириам - на том(т. 2) |
| 020 ## - Международен стандартен номер на книга ISBN | |
| Международен стандартен номер на книга ISBN | 954-787-017-3 |
| -- | издат.: Мириам - на том(т. 2) |
| 040 ## - Източник на каталожния запис | |
| Идентификатор на билиотеката - собственик на записа | BLK |
| 041 ## - Код за език | |
| Код за езика на текст/звукозапис или на отделно заглавие | Български |
| Код за езика КДБФ | Български |
| 080 ## - УДК | |
| Текстов определител УДК | Организации, асоциации, движения със специални цели и/или области на дейност. Професионални асоциации(Ку-клукс-клан, масони, окултни движения, орден на тамплиерите). |
| УДК код - определител по УДК | 061.23 |
| УДК определител | (100)(091) |
| УДК - код + определител | 061.23(100)(091) |
| 100 1# - Редна дума - Автор | |
| Автор | Хекеторн, Чарлз Уилям |
| Авторска отговорност | първи автор |
| R(LIN) | 136695 |
| 139 ## - Редно поле | |
| Редна дума | Хекеторн, Чарлз Уилям |
| Авторски знак | Хек - Х 39 |
| 245 10 - Сведения за заглавието | |
| Заглавие | Тайните общества на всички времена и народи |
| Подзаглавни данни | Т. 1 - |
| Редно поле (дума) | Чарлз Уилям Хекеторн; прев. от англ. Явор Иванов. |
| Том | Т. 2 |
| Заглавие на том | От Светата инквизиция до тайните общества на илюминатите |
| 257 ## - Страна на издаване | |
| Страна на създаване/издаване | Великобритания |
| 260 ## - Област на издателските данни | |
| -- | София |
| Година на издаване | 2006 - |
| Печатница | София : Алианс принт |
| 300 ## - Физическа характеристика | |
| Размери/Мащаб | 23 см |
| 380 ## - Жанр | |
| Жанр | Общ отдел |
| 490 1# - СЕРИИ (Колекции) | |
| Име на серия | Библиотека Философският камък |
| 500 ## - Общи забележки | |
| Забележка | Ориг. загл. Secret Societies of All Ages and Countries / Charles William Heckethorn. - Офс. изд. |
| 590 ## - Забележки на библиотеката, притежаваща документа (RLIN) | |
| Служебно | ф |
| 650 #4 - Допълнително описание по предмет – тема | |
| Основно описание – тема или топоним | Тайни общества |
| 9 (RLIN) | 251393 |
| 653 ## - Ключова дума – ненормативна | |
| Ключова дума | тайни общества |
| 653 ## - Ключова дума – ненормативна | |
| Ключова дума | инквизиция |
| 653 ## - Ключова дума – ненормативна | |
| Ключова дума | йезуити |
| 653 ## - Ключова дума – ненормативна | |
| Ключова дума | мафия |
| 653 ## - Ключова дума – ненормативна | |
| Ключова дума | илюминати |
| 653 ## - Ключова дума – ненормативна | |
| Ключова дума | Интернационал |
| 700 1# - Други автори (авторска отговорност) | |
| Лично име | Иванов, Явор |
| Автороска отговорност (Описва отношението между автора и произведението) | прев. от англ. |
| 9 (RLIN) | 368106 |
| 760 1# - Описание на основната серия | |
| -- | - на том(т. 2) |
| Редна дума на основното описание | Хекеторн, Чарлз Уилям |
| Място на издаване, издател и година | Мириам, 2006 |
| Страници - том | 424 с. : с ил. |
| Забележка - том | Съдържа и Кратък енцикл. речник |
| Заглавие | Т. 2 От Светата инквизиция до тайните общества на илюминатите |
| 852 ## - Местоположение | |
| Форматна сигнатура | Цб 230139 |
| 856 4# - Електронен адрес и достъп | |
| Електронен формат | pdf - файл |
| Път до файла /url/ | |
| 856 4# - Електронен адрес и достъп | |
| Електронен формат | pdf - файл |
| Път до файла /url/ | |
| 942 ## - АРТИКУЛИ | |
| Вид на библиотечния материал | Книги |
| Скрит в OPAC | Не |
| Koha issues (borrowed), all copies | 3 |
| 944 ## - СЪЗДАВАНЕ И РЕДАКЦИЯ на ЗАПИСА | |
| Създаване/Редакция | Създаване |
| Дата на регистрацията/редакция | 21.08.2008 |
| Статус, дата на статуса | Минев Младен |
| Служител, извършил регистрацията/редакцията | 30530 |
| 944 ## - СЪЗДАВАНЕ И РЕДАКЦИЯ на ЗАПИСА | |
| Създаване/Редакция | Редакция |
| Дата на регистрацията/редакция | 04.12.2008 |
| Статус, дата на статуса | ф / |
| Служител, извършил регистрацията/редакцията | |
| 999 ## - СИСТЕМНИ КОНТРОЛНИ НОМЕРА | |
| Koha biblionumber | 80498 |
| Koha biblioitemnumber | 80498 |
| Код за отписване | Код за изгубен артикул | Код за повреда | Коз за рестрикции | Код за отдаване | Артикулен № | Име на библиотеката - собственик | Име на библиотеката, в която се намира в момента | Статус (Текущо местоположение) | Дата на вписване в системата | Местоположение - отдел | Цена в лева | Инвентарен номер | Систематично азбучна сигнатура | Баркод | Номер на екземпляра | Цена в евро | Служебна бележка | Служебен тип на артикула | Източник на класификационната схема |
|---|---|---|---|---|---|---|---|---|---|---|---|---|---|---|---|---|---|---|---|
| Не е изгубен | Не е повреден | без рестрикции | ползва се в читалня | 130501 | Регионална библиотека "Любен Каравелов" Русе | Регионална библиотека "Любен Каравелов" Русе | Хранилище | 2008-08-20 | Хранилище | 21.90 | 120000728188 | Цб 230139 | 120000728188 | 1 | 11.20 | Дост: Dp Вид: Д N: 20 Дата: 18.04.2008 | Книги | ||
| Не е изгубен | Не е повреден | без рестрикции | заемане за дома | 130502 | Регионална библиотека "Любен Каравелов" Русе | Регионална библиотека "Любен Каравелов" Русе | Заемна - подръчен фонд | 2008-10-06 | Заемна - подръчен фонд | 21.90 | 120000730338 | П 06/Х 39 | 120000730338 | 2 | 11.20 | Дост: Pk Вид: Ф N: 8680 Дата: 03.10.2008 Дата инв: 01.02.2018 Бележки инв: П2018 | Книги | ||
| Не е изгубен | Не е повреден | без рестрикции | ползва се в читалня | 130503 | Регионална библиотека "Любен Каравелов" Русе | Регионална библиотека "Любен Каравелов" Русе | Читалня | 2008-11-28 | Читалня | 21.90 | 120000731769 | Ч 06/Х 39 | 120000731769 | 3 | 11.20 | Дост: Pk Вид: Ф N: 10094 Дата: 19.11.2008 Дата инв: 21.03.2017 Бележки инв: Ч2017 | Книги | Universal Decimal Classification |